FC Twente players since 2000 - Statistics

General Stats
  • This quiz has been taken 9 times
  • The average score is 121 of 297
Answer Stats
Ranking Player Positions Nationality Matches Goals Assists Periods % Correct
11 Daan Rots RW 134 16 21 2020-2025
100%
9 Lars Unnerstall GK 137 0 0 2021-2025
100%
297 Mats Rots LB 1 0 0 2023-2024
100%
10 Ricky van Wolfswinkel ST 134 50 16 2021-2025
100%
24 Sem Steijn AM 103 49 11 2022-2025
100%
72 Jesse Bosch CM 62 3 1 2019-2022
88%
13 Joël Drommel GK 126 0 1 2015-2016, 2017-2021
88%
7 Michel Vlap AM 139 16 20 2021-2025
88%
37 Ramiz Zerrouki DM 95 3 7 2020-2023
88%
35 Robin Pröpper CB 95 9 4 2021-2024
88%
154 Sam Lammers ST 28 9 2 2024-2025
88%
152 Thomas Lam CB 28 3 2 2017-2018
88%
1 Wout Brama DM 348 10 17 2005-2013, 2018-2023
88%
113 Bart van Rooij RB 41 1 4 2024-2025
75%
115 Carel Eiting CM 40 2 3 2023-2025
75%
155 Gustaf Lagerbielke CB 28 2 3 2024-2025
75%
46 Mathias Kjølø DM 81 1 2 2022-2025
75%
25 Michal Sadílek CM 102 6 13 2021-2025
75%
110 Mitchell van Bergen RW 43 0 1 2023-2025
75%
141 Naci Ünüvar LW 32 3 4 2023-2025
75%
145 Nicky Kuiper LB 31 2 1 2009-2012
75%
12 Peet Bijen CB 132 10 4 2014-2020
75%
239 Przemyslaw Tyton GK 8 0 0 2022-2025
75%
2 Sander Boschker GK 330 0 0 2000-2002, 2004-2013
75%
116 Sayfallah Ltaief LW 40 2 2 2024-2025
75%
106 Anass Salah-Eddine LB 46 2 5 2022-2025
63%
195 Arno Verschueren AM 16 0 0 2024-2025
63%
124 Bas Kuipers LB 36 3 3 2024-2025
63%
3 Blaise Nkufo ST 238 117 43 2003-2010
63%
135 Danilo ST 33 17 5 2020-2021
63%
57 Dušan Tadić RW 72 29 30 2012-2014
63%
138 Enes Ünal ST 32 18 4 2016-2017
63%
160 Gijs Besselink CM 27 0 0 2023-2025
63%
21 Gijs Smal LB 107 4 18 2020-2024
63%
282 Harrie Kuster CM 2 0 0 2024-2025
63%
38 Hidde ter Avest RB 92 2 3 2014-2018
63%
56 Jeroen van der Lely RB 72 1 2 2015-2019
63%
32 Kamohelo Mokotjo DM 97 3 14 2014-2017
63%
65 Manfred Ugalde ST 67 18 9 2021-2024
63%
151 Mateusz Klich CM 29 6 4 2016-2017
63%
89 Max Bruns CB 55 0 1 2020-2025
63%
17 Mees Hilgers CB 115 3 2 2020-2025
63%
18 Nick Marsman GK 114 0 0 2011-2012, 2013-2017
63%
287 Ruud Bruns FW 1 0 0 2004-2005
63%
208 Sonny Stevens GK 13 0 0 2014-2015
63%
86 Stefan Thesker CB 55 5 3 2015-2018
63%
20 Theo Janssen CM 109 22 17 2008-2011
63%
70 Tom Boere ST 63 21 9 2017-2020
63%
68 Vaclav Cerny RW 66 20 19 2020-2023
63%
51 Willem Janssen CB 76 11 4 2011-2014
63%
125 Xandro Schenk CB 36 1 0 2018-2021
63%
150 Younes Taha RW 29 3 1 2023-2025
63%
191 Adam Maher CM 16 1 4 2017-2018
50%
169 Adnane Tighadouini LW 24 2 0 2017-2018
50%
84 Aitor Cantalapiedra AM 56 20 14 2018-2020
50%
112 Alec Van Hoorenbeeck CB 41 2 0 2023-2025
50%
235 Alexander Jeremejeff ST 9 1 0 2020-2021
50%
220 Alexander Laukart AM 11 0 0 2017-2019
50%
126 Alfons Sampsted RB 36 0 2 2022-2024
50%
158 Bersant Celina AM 27 5 5 2016-2017
50%
45 Bryan Ruiz AM 82 35 23 2009-2012
50%
175 Calvin Verdonk LB 22 1 2 2019-2020
50%
98 Chinedu Ede RW 48 6 11 2015-2017
50%
170 Cristian Cuevas LW 24 0 0 2017-2018
50%
167 Danny Holla CM 25 2 5 2017-2018
50%
156 Dario Dumic CB 28 2 0 2020-2022
50%
161 Dejan Trajkovski LB 26 0 4 2016-2018
50%
144 Denilho Cleonise RW 31 1 1 2021-2023
50%
133 Dimitrios Limnios RW 33 8 2 2021-2022
50%
5 Douglas CB 200 16 14 2007-2013
50%
187 Dylan George LW 19 2 0 2016-2019
50%
188 Dylan Seys RW 17 1 2 2016-2017
50%
209 Emil Berggreen ST 13 1 1 2019-2020
50%
265 Enis Bunjaki ST 4 0 1 2016-2017
50%
88 Fredrik Jensen AM 55 9 6 2016-2018
50%
281 Gerald Alders RB 2 0 0 2024-2025
50%
193 Giorgi Aburjania CM 16 2 0 2019-2020
50%
148 Giovanni Troupée RB 29 0 1 2019-2020, 2021-2022
50%
100 Godfried Roemeratoe DM 48 0 0 2018-2021
50%
61 Hakim Ziyech RW 68 30 26 2014-2017
50%
237 Halil Dervişoğlu ST 9 0 0 2020-2021
50%
109 Haris Vuckic CF 44 15 1 2017-2020
50%
240 Issah Abass LW 8 0 0 2020-2021
50%
283 Jan Willem van Ede GK 1 0 0 2000-2001
50%
92 Javier Espinosa CM 52 5 12 2018-2020
50%
117 Jayden Oosterwolde LB, CB 40 1 3 2020-2022
50%
279 Jeffrey de Lange GK 2 0 0 2021-2022
50%
91 Jelle van der Heyden DM 53 1 1 2014-2019
50%
4 Jeroen Heubach LB 238 5 13 2000-2010
50%
97 Joachim Andersen CB 49 4 1 2014-2018
50%
260 Joel Latibeaudiere CB 5 1 1 2019-2020
50%
185 Jorn Brondeel GK 19 0 0 2017-2020
50%
278 José Matos LB 2 0 1 2019-2020
50%
181 Jos Hooiveld CB 21 0 0 2016-2018
50%
77 Joshua Brenet RB 60 11 7 2021-2024
50%
43 Julio Pleguezuelo CB 84 3 2 2019-2023
50%
189 Keito Nakamura LW 17 4 1 2019-2020
50%
58 Kenneth Pérez ST 72 12 17 2008-2010
50%
159 Kik Pierie CB 27 0 0 2020-2022
50%
245 Lazaros Lamprou LW 7 0 0 2020-2021
50%
146 Lindon Selahi DM 30 2 1 2019-2021
50%
249 Luca Everink RB 7 0 0 2021-2023
50%
184 Luciano Slagveer RW 19 1 1 2017-2018
50%
149 Luka Ilic AM 29 2 2 2020-2022
50%
29 Luuk de Jong ST 100 48 26 2009-2012
50%
93 Marko Arnautovic ST 52 13 8 2006-2009
50%
198 Michael Liendl AM 15 0 3 2017-2018
50%
200 Michaël Maria CM 15 2 0 2017-2019
50%
246 Noa Lang LW 7 1 0 2019-2020
50%
114 Oussama Assaidi LW 41 7 3 2016-2019
50%
244 Paul Verhaegh RB 7 0 0 2019-2020
50%
6 Peter Wisgerhof CB 149 9 6 2008-2014
50%
105 Queensy Menig LW 46 9 6 2019-2022
50%
99 Rafik Zekhnini LW 48 6 5 2018-2020
50%
231 Richard Jensen CB 10 0 0 2017-2018
50%
8 Roberto Rosales RB 139 4 20 2010-2014
50%
295 Sander Sybrandy LW 1 0 0 2022-2023
50%
52 Scott Booth ST 76 14 6 2000-2003
50%
248 Taylor Booth RW 7 0 2 2024-2025
50%
182 Thijs van Leeuwen CM 21 3 0 2020-2021
50%
87 Tim Hölscher DM 55 1 8 2012-2016, 2018-2019
50%
132 Tyronne Ebuehi RB 33 1 1 2020-2021
50%
178 Uri Busquets DM 21 0 1 2019-2020
50%
79 Virgil Misidjan LW 58 11 8 2021-2023
50%
162 Yaw Yeboah RW 26 2 1 2016-2017
50%
82 Youri Regeer CM 57 2 5 2023-2025
50%
69 Andreas Bjelland CB 65 3 5 2012-2015
38%
131 Bruno Uvini CB 33 2 0 2015-2016
38%
234 Casper Staring DM 10 0 0 2020-2023
38%
233 Christos Tzolis LW 10 1 0 2022-2023
38%
127 Collins John ST 35 11 1 2002-2004
38%
44 Dwight Tiendalli RB 84 1 5 2009-2012
38%
34 Felipe Gutiérrez CM 95 7 9 2012-2016
38%
222 Fred Friday ST 11 0 1 2018-2019
38%
250 Georgios Katsikas CB 7 0 0 2015-2017
38%
129 Jan Vennegoor of Hesselink ST 34 15 3 2000-2001
38%
122 Jerson Cabral LW 36 6 6 2012-2013, 2015-2016
38%
241 Joshua John LW 8 0 0 2011-2012, 2013-2014
38%
243 Lucas Vennegoor of Hesselink ST 8 0 0 2024-2025
38%
80 Marc Janko ST 58 28 9 2010-2012
38%
210 Marko Kvasina ST 13 0 0 2017-2018
38%
119 Miroslav Stoch LW 39 12 4 2009-2010
38%
259 Mounir El Hamdaoui ST 5 0 0 2017-2018
38%
224 Myron Boadu ST 11 3 0 2023-2024
38%
213 Nathan Markelo DM 13 0 0 2020-2021
38%
19 Nikolay Mihaylov GK 111 0 0 2008-2009, 2010-2013
38%
78 Ola John LW 59 10 20 2010-2012
38%
219 Oskar Zawada ST 11 0 0 2015-2016
38%
31 Rasmus Bengtsson CB 99 9 1 2010-2015
38%
27 Robbert Schilder CB 101 2 2 2012-2016
38%
40 Rob Wielaert CB 91 6 4 2006-2009
38%
211 Zakaria El Azzouzi ST 13 4 0 2015-2016
38%
140 Adil Ramzi LM 32 8 9 2003-2004
25%
267 Alessio da Cruz ST 3 0 0 2015-2016
25%
271 Alexander Bannink AM 3 0 0 2010-2011
25%
268 Alfred Schreuder DM 3 0 0 2007-2008
25%
238 Anatoliy Gerk AM 9 0 0 2005-2007
25%
263 Andrej Rendla RW 5 0 0 2007-2008, 2009-2010, 2011-2012
25%
171 André Karnebeek CB 23 0 0 2000-2001
25%
293 Anouar Diba RW 1 0 0 2010-2011
25%
255 Arco Jochemsen RM 6 0 0 2003-2004
25%
66 Arjan van der Laan AM 66 11 9 2000-2002
25%
218 Arnar Vidarsson DM 11 0 0 2005-2007
25%
254 Arnold Bruggink AM 6 0 0 2010-2011
25%
173 Bart Buysse LB 23 0 1 2010-2012
25%
42 Bas Sibum CM 87 0 5 2003-2007
25%
174 Bernard Parker AM 23 0 1 2009-2011
25%
194 Bilal Ould-Chikh RW 16 1 0 2013-2015
25%
95 Björn van der Doelen CM 50 2 0 2001-2004
25%
192 Boudewijn Pahlplatz FW 16 1 1 2000-2002
25%
147 Cees Paauwe GK 30 0 0 2002-2004, 2006-2007, 2009-2010
25%
53 Cheik Tioté DM 74 1 0 2008-2011
25%
274 Chris David AM 2 0 0 2014-2015
25%
85 Chris De Witte ST 56 7 2 2000-2003
25%
63 Chris van der Weerden RB 68 2 0 2001-2004
25%
134 Cristian Tassano CB 33 0 2 2018-2019
25%
101 Cuco Martina CB 48 1 1 2013-2015
25%
96 Daniel Majstorović CB 49 4 0 2004-2006
25%
275 Dario Tanda CM 2 0 0 2013-2014
25%
157 Dario Vujicevic DM 28 0 0 2008-2011
25%
201 Darryl Lachman CB 15 0 1 2014-2015
25%
202 David Carney LM 14 0 0 2009-2011
25%
242 Dedryck Boyata CB 8 0 0 2012-2013
25%
123 Dennis Hulshoff RB 36 0 1 2000-2002
25%
59 Denny Landzaat CM 72 5 7 2010-2013
25%
136 Dico Koppers LB 32 0 3 2013-2015
25%
165 Dmitriy Bulykin ST 25 5 1 2012-2013
25%
121 Dmitriy Shukov LM 37 4 0 2004-2006
25%
16 Edson Braafheid LB 115 1 3 2006-2008, 2012-2013
25%
217 Edwin Gyasi RW 12 1 1 2012-2013
25%
166 Elbekay Bouchiba AM 25 0 3 2004-2006
25%
55 Eljero Elia LW 72 12 7 2007-2009
25%
41 Ellery Cairo RW 88 13 10 2000-2003
25%
75 Emir Bajrami RW 61 7 2 2010-2012
25%
104 Erik ten Hag CB 46 0 3 2000-2002
25%
49 Faouzi El Brazi CB 77 3 0 2000-2003
25%
264 Felitciano Zschusschen ST 4 0 0 2012-2014
25%
284 Filip Bednarek GK 1 0 0 2012-2013
25%
102 Giorgi Gakhokidze LW 47 3 16 2003-2007
25%
197 Glynor Plet ST 16 2 0 2011-2012
25%
139 Guilherme Afonso ST 32 2 1 2004-2007
25%
261 Ibad Muhamadu ST 5 0 1 2001-2002
25%
252 Isaac Buckley-Ricketts RM 6 0 0 2017-2018
25%
205 Ismail Aissati AM 14 1 2 2006-2007
25%
168 Jack de Gier ST 25 6 3 2001-2003
25%
247 Jan Verlinden RB 7 0 0 2000-2001, 2002-2003
25%
81 Jari Oosterwijk ST 57 13 4 2014-2016, 2018-2019
25%
120 Jason Culina CM 38 12 3 2004-2006
25%
176 Jeffrey de Visscher RW 22 1 0 2000-2001, 2002-2004
25%
225 Jelle ten Rouwelaar GK 11 0 0 2003-2004
25%
103 Jesús Corona RW 46 11 4 2013-2016
25%
257 Joey Pelupessy DM 5 0 0 2012-2013
25%
272 Juliën Mesbahi CB 3 0 0 2023-2025
25%
164 Jurgen Cavens ST 25 6 1 2002-2003
25%
39 Karim El Ahmadi DM 91 3 6 2003-2008
25%
180 Karim Touzani DM 21 2 0 2004-2006
25%
228 Kasper Kusk RW 10 0 0 2014-2015
25%
67 Kennedy RM 66 23 16 2005-2007
25%
90 Kim Christensen ST 53 10 2 2003-2005
25%
236 Konstantinos Louboutis LB 9 0 0 2005-2006
25%
64 Kurt Van De Paar AM 68 6 4 2000-2003
25%
76 Kyle Ebecilio CM 60 10 5 2013-2015
25%
73 Leroy Fer DM 62 14 7 2011-2013
25%
30 Luc Castaignos ST 100 37 8 2012-2015
25%
190 Luciano Narsingh RW 17 1 6 2020-2021
25%
203 Luka Djordjevic ST 14 0 2 2013-2014
25%
74 Luke Wilkshire RB 61 5 14 2006-2008
25%
253 Marcel Kleizen ST 6 0 0 2005-2007
25%
292 Mats Wieffer DM 1 0 0 2018-2019
25%
128 Matt Smith DM 34 2 1 2018-2019
25%
199 Michael Olaitan ST 15 0 0 2015-2016
25%
269 Michael Schimpelsberger RB 3 0 1 2010-2011
25%
280 Mikko Rahkamaa GK 2 0 0 2001-2002
25%
273 Mirco Born LM 2 0 1 2012-2013
25%
216 Mitchell Piqué LB 12 0 0 2000-2001
25%
285 Mitch Stockentree RB 1 0 0 2010-2011
25%
215 Mo Allach RB 12 0 0 2003-2004
25%
221 Mohamed Hamdaoui LW 11 1 6 2018-2019
25%
28 Nacer Chadli LW 101 29 20 2010-2013
25%
172 Nacho Monsalve CB 23 3 0 2018-2019
25%
214 Nashat Akram AM 13 0 0 2009-2010
25%
256 Nelson da Costa AM 6 0 0 2003-2004
25%
251 Niels Oude Kamphuis DM 6 0 0 2006-2007
25%
36 Niels Wellenberg RB 95 0 1 2004-2009
25%
262 Nikita Rukavytsya ST 5 0 0 2008-2010
25%
277 Nikola Gjorgjev LM 2 0 0 2017-2018
25%
226 Nils Röseler CB 11 0 0 2011-2012, 2013-2014
25%
258 Ninos Gouriye LW 5 0 0 2011-2012
25%
207 Oguchi Onyewu CB 13 0 0 2010-2011
25%
60 Orlando Engelaar DM 69 11 3 2006-2007, 2014-2015
25%
142 Otman Bakkal AM 31 3 3 2006-2007
25%
153 Patrick Gerritsen ST 28 6 3 2005-2006, 2008-2009
25%
23 Patrick Pothuizen CB 103 4 0 2000-2004
25%
286 Peter Mentink DF 1 0 0 2000-2001
25%
22 Peter Niemeyer DM 106 4 3 2002-2007
25%
137 Quincy Promes LW 32 11 8 2011-2012, 2013-2014
25%
186 Rafael Ramos RB 19 0 1 2018-2019
25%
15 Rahim Ouédraogo DF 117 0 3 2000-2001, 2002-2007
25%
14 Ramon Zomer CB 124 10 5 2002-2008
25%
290 Rashaan Fernandes LW 1 0 0 2017-2018
25%
183 Raymond Fafiani CM 20 0 4 2004-2005
25%
204 Remko Pasveer GK 14 0 0 2003-2006
25%
143 Renato Tapia DM 31 6 0 2014-2016
25%
108 Resit Schuurman DM 44 1 1 2004-2007
25%
130 Ricardinho LB 34 1 2 2018-2019
25%
227 Roland Kollmann ST 11 2 0 2001-2002
25%
62 Romano Denneboom RW 68 11 1 2007-2010
25%
54 Ronnie Stam RB 73 3 10 2008-2010
25%
266 Ruud ter Heide ST 4 0 0 2001-2002
25%
294 Ryan Trotman LW 1 0 0 2017-2018
25%
230 Ryo Miyaichi RW 10 0 0 2014-2015
25%
276 Sergio Babb CB 2 0 0 2003-2004
25%
212 Sergio Zijler RW 13 2 1 2006-2008
25%
111 Shadrach Eghan AM 41 6 6 2012-2016
25%
47 Sharbel Touma AM 79 18 13 2004-2007
25%
48 Simon Cziommer CM 78 13 4 2000-2005
25%
33 Sjaak Polak LB 96 13 5 2000-2004
25%
163 Slobodan Rajković CB 26 1 0 2008-2010
25%
26 Spira Grujic DF 102 1 1 2000-2004
25%
107 Stein Huysegems ST 44 6 2 2007-2009
25%
229 Steven Berghuis RW 10 1 0 2010-2012
25%
50 Thijs Houwing FW 77 11 3 2000-2003
25%
196 Thilo Leugers DM 16 0 0 2010-2012
25%
206 Thomas Agyepong LW 14 1 1 2015-2016
25%
177 Tim Breukers RB 22 0 0 2012-2015
25%
179 Tim Cornelisse RB 21 0 3 2011-2012
25%
289 Timo Plattel GK 1 0 0 2012-2013
25%
288 Tim Velten RW 1 0 0 2004-2005
25%
296 Tjaronn Chery AM 1 0 0 2008-2009
25%
71 Tom van der Leegte DM 62 6 1 2000-2003
25%
118 Torgeir Børven ST 39 4 1 2013-2017
25%
232 Ulrich Bapoh AM 10 3 1 2018-2019
25%
291 Vincent Schmidt LB 1 0 0 2015-2016
25%
270 Wellington ST 3 0 1 2009-2010
25%
223 Wesley Verhoek RW 11 1 2 2011-2013
25%
83 Youness Mokhtar LW 57 8 12 2013-2015
25%
94 Youssouf Hersi RW 51 8 3 2007-2009
25%
No matching quizzes found
Score Distribution
Percent of People with Each Score
Percentile by Number Answered
Your Score History
You have not taken this quiz